000 00528nam a2200181 i 4500
001 149948
003 ES-MaACL
005 20230906203324.0
007 t|
008 071025s1969 sp ||||1| spa d
100 1 _aVander, Adrianus.
_9113059
245 1 0 _aExpresión del rostro
_b: como conocer a las personas /
_cA. Vander.
260 _aBarcelona :
_bSintes,
_c[1969]
300 _a222 p. :
_bil. ;
_c25 cm.
650 0 4 _aFisiognomía.
_912889
650 0 4 _aDiagnóstico.
_911851
852 _aES-MaACL
_jC-42339
_bR.71524
999 _c149948
_d149948